English (Record no. 1205)

MARC details
000 -LEADER
Fixed length control field 00449nam a2200181Ia 4500
003 - CONTROL NUMBER IDENTIFIER
Control field IIN
005 - DATE AND TIME OF LATEST TRANSACTION
Control field 20240104131131.0
008 - FIXED-LENGTH DATA ELEMENTS--GENERAL INFORMATION
Fixed length control field 231217s9999 xx 000 0 und d
020 ## - INTERNATIONAL STANDARD BOOK NUMBER / ISBN
Price Rs.550.00
International Standard Book Number 9789390619337
040 ## - CATALOGING SOURCE
Original cataloging agency IIN
Language of cataloging English
082 ## - DEWEY DECIMAL CLASSIFICATION NUMBER
Classification number 428.0071
Book Number SHA
100 1# - MAIN ENTRY--PERSONAL NAME
Personal name Sharma, Liza
245 1# - TITLE STATEMENT
Title English
Sub title for Nurses
Statement of responsibility Liza Sharma
260 ## - IMPRINT
Name of publisher CBS
Place of publication New Delhi
Date of publication 2022
300 ## - PHYSICAL DESCRIPTION
Page / Vol. No xvi, 472p.
650 1# - SUBJECT ADDED ENTRY--TOPICAL TERM
Topical term English
Form subdivision nurses
942 ## - ADDED ENTRY ELEMENTS (KOHA)
Koha item type Books
Holdings
Withdrawn status Lost status Damaged status Not for loan Collection code Home library Current library Date acquired Price Total Checkouts Call number Accession number Date last seen Price effective from Koha item type
          IDEAL INSTITUTE OF NURSING IDEAL INSTITUTE OF NURSING 17/12/2023 550.00   428.0071 SHA 1199 17/12/2023 17/12/2023 Books
          IDEAL INSTITUTE OF NURSING IDEAL INSTITUTE OF NURSING 17/12/2023 550.00   428.0071 SHA 1200 17/12/2023 17/12/2023 Books
          IDEAL INSTITUTE OF NURSING IDEAL INSTITUTE OF NURSING 17/12/2023 550.00   428.0071 SHA 1201 17/12/2023 17/12/2023 Books
          IDEAL INSTITUTE OF NURSING IDEAL INSTITUTE OF NURSING 17/12/2023 550.00   428.0071 SHA 1202 17/12/2023 17/12/2023 Books
          IDEAL INSTITUTE OF NURSING IDEAL INSTITUTE OF NURSING 17/12/2023 550.00   428.0071 SHA 1203 17/12/2023 17/12/2023 Books
© Ideal Institute Of Nursing, All rights reserved.         Powered by Koha